Commercial snappers (Lutianidae) of Gulf of Mexico, (Record no. 23311)

MARC details
000 -LEADER
fixed length control field 00752cam a22002291 4500
001 - CONTROL NUMBER
control field f 30000032
003 - CONTROL NUMBER IDENTIFIER
control field DLC
005 - DATE AND TIME OF LATEST TRANSACTION
control field 20260227111249.0
008 - FIXED-LENGTH DATA ELEMENTS--GENERAL INFORMATION
fixed length control field 930707s1930 dcua 000 0 eng
010 ## - LIBRARY OF CONGRESS CONTROL NUMBER
LC control number f 30000032
035 ## - SYSTEM CONTROL NUMBER
System control number (OCoLC)28388423
040 ## - CATALOGING SOURCE
Original cataloging agency DLC
Transcribing agency NcD
Modifying agency DLC
050 00 - LIBRARY OF CONGRESS CALL NUMBER
Classification number SH351.S75
Item number G5
100 1# - MAIN ENTRY--PERSONAL NAME
Personal name Ginsburg, Isaac,
Dates associated with a name 1886-
245 10 - TITLE STATEMENT
Title Commercial snappers (Lutianidae) of Gulf of Mexico,
Statement of responsibility, etc. by Isaac Ginsburg.
260 ## - PUBLICATION, DISTRIBUTION, ETC.
Place of publication, distribution, etc. Washington,
Name of publisher, distributor, etc. U.S. Govt. print. off.
Date of publication, distribution, etc. 1930.
300 ## - PHYSICAL DESCRIPTION
Extent 1 p. l., p. 265-276,
Other physical details illus.
Dimensions 28 cm.
490 0# - SERIES STATEMENT
Series statement United States Bureau of fisheries Dec.
Volume/sequential designation no. 1080.
500 ## - GENERAL NOTE
General note From Bulletin of the Bureau of fisheries, vol. xlvi, 1930.
650 #0 - SUBJECT ADDED ENTRY--TOPICAL TERM
Topical term or geographic name entry element Fisheries
Geographic subdivision Mexico, Gulf of.
650 #0 - SUBJECT ADDED ENTRY--TOPICAL TERM
Topical term or geographic name entry element Lutjanidae.

No items available.

Powered by Koha